| 000 | 01226cab a2200433 4500 | ||
|---|---|---|---|
| 001 | ABS51381 | ||
| 008 | 090401t1994 xxu||||| |||| 00| 0 eng d | ||
| 035 | _a(Sirsi) u24085 | ||
| 041 | _aeng | ||
| 245 | _aEstates Times survey: London West End & Midtown | ||
| 260 | _c1994 | ||
| 350 | _a0 | ||
| 490 |
_aEstates Times _v(1251) 30 September 1994, 9-27(19) |
||
| 650 | _aBANKSIDE POWER STATION | ||
| 650 | _aBLOOMSBURY | ||
| 650 | _aBOND STREET | ||
| 650 | _aCOVENT GARDEN | ||
| 650 | _aFAIR RATES CAMPAIGN | ||
| 650 | _aHOLBORN | ||
| 650 | _aHOWARD DE WALDEN ESTATE | ||
| 650 | _aLONDON | ||
| 650 | _aMAYFAIR | ||
| 650 | _aMIDTOWN | ||
| 650 | _aNEW TATE GALLERY | ||
| 650 | _aPROPERTY-COMMERCIAL PROPERTY-OFFICE PROPERTY-OFFICE PROPERTY MARKET | ||
| 650 | _aOXFORD STREET | ||
| 650 | _aPLANNING ISSUES | ||
| 650 | _aREGENT STREET | ||
| 650 | _aPROPERTY-COMMERCIAL PROPERTY-RETAIL PROPERTY-RETAIL PROPERTY MARKET | ||
| 650 | _aSOHO | ||
| 650 | _aST JAMES | ||
| 650 | _aTERRORISM | ||
| 650 | _aTROCADERO | ||
| 650 | _aUNIFORM BUSINESS RATES | ||
| 650 | _aWEST END OF LONDON | ||
| 690 | _aPROPERTY-COMMERCIAL PROPERTY-COMMERCIAL PROPERTY MARKET | ||
| 942 | _n0 | ||
| 948 | _c04/03/1997 | ||
| 999 |
_c16132 _d16132 |
||